Districts of Wiltshire (pre 2009) - Statistics

General Stats
  • This quiz has been taken 12 times
  • The average score is 4 of 5
Answer Stats
Type Name % Correct
City City of Salisbury
100%
Unitary Authority Swindon
100%
District West Wiltshire
89%
District North WIltshire
78%
District Kennet
44%
No matching quizzes found
Score Distribution
Percent of People with Each Score
Percentile by Number Answered
Your Score History
You have not taken this quiz